| 000 | 00759cam a2200205 a 4500 | ||
|---|---|---|---|
| 008 | 030814s1992 ck 000 0 spa u | ||
| 020 | _a9589028802 | ||
| 035 | _aa431142 | ||
| 050 | 0 |
_aF2221 _bS26 1992 |
|
| 100 | 1 | _aSantisteban Miguel de | |
| 245 | 1 | 0 |
_aMil leguas por América de Lima a Caracas 1740-1741 : _bdiario de don Miguel de Santisteban / _cDavid J. Robinson. |
| 260 |
_aSantafé de Bogotá, Colombia : _bBanco de la Republica, _c1992. |
||
| 300 |
_a323 p. ; _c20 cm. |
||
| 440 | 0 | _aBibliográfica. Historia colombiana | |
| 500 | _aIncluye apéndice e índice | ||
| 600 | 1 | 4 |
_aSantisteban, Miguel de, _d1691-1773 |
| 651 | 2 | 4 |
_aAmérica del Sur _xDescripción y viajes |
| 651 | 2 | 4 |
_aAmérica del Sur _xHistoria _yHasta 1830 |
| 942 |
_2lcc _cLIB |
||
| 999 |
_c62969 _d62969 |
||